banner-ar

الفهارس العربية لكتاب تاريخ الادب العربى : الجزء 2 , 3 , 4 , 5 / (Record no. 44193)

MARC details
000 -الفاتح
حقل البيانات ثابتة الطول 00560nam a2200181Ia 4500
008 - عناصر البيانات ثابتة الطول - معلومات عامة
حقل البيانات ثابتة الطول 140319s9999 xx 000 0 ara d
040 ## - مصدر الفهرسة
وكالة الفهرسة الأصلية GCL /
وكالة النسخ GCL
082 04 - رقم تصنيف ديوى العشرى
رقم التصنيف 810.9
رقم المادة ب ف
100 1# - المدخل الرئيسى - إسم شخصى
الإسم الشخصى بروكلمان ، كارل
245 10 - بيان العنوان
العنوان الفهارس العربية لكتاب تاريخ الادب العربى : الجزء 2 , 3 , 4 , 5 /
بيان المسئوليه,etc بروكلمان ، كارل
700 1# - المدخل الاضافى - اسم شخصى
الإسم الشخصى درية الخطيب
300 ## - الوصف المادى
التعداد متعدد
490 ## - بيان السلسلة
عنوان السلسلة
650 04 - المدخل الاضافى بالموضوع-مصطلح موضوعى
مصطلح موضوعي الادب العربى
650 04 - المدخل الاضافى بالموضوع-مصطلح موضوعى
مصطلح موضوعي تاريخ ونقد
942 ## - عناصر المدخل الإضافي( كوها)
مصدر التصنيف او مخطط الترفيف Dewey Decimal Classification
Koha [default] item type كتاب
Holdings
حالة التراجع حالة الفقد حالة تلف ليس للاعارة المكان المؤقت الموقع الحالى تاريخ الاكتساب اجمالي اﻻعارات رقم الطلب الباركود تاريخ اخر مشاهدة تاريخ تفعيل السعر نوع وعاء كوها مصدر التصنيف او خطة الترفيف موقع الترفيف
        مكتبة القاهرة الكبرى مكتبة القاهرة الكبرى 03/26/2014   810.9\ب ف 107341 03/26/2014 03/26/2014 كتاب    
        مكتبة القاهرة الكبرى مكتبة القاهرة الكبرى 03/26/2014   810.9\ب ف 107342 03/26/2014 03/26/2014 كتاب    
        مكتبة القاهرة الكبرى مكتبة القاهرة الكبرى 03/26/2014   810.9\ب ف 107343 03/26/2014 03/26/2014 كتاب    
        مكتبة القاهرة الكبرى مكتبة القاهرة الكبرى 03/26/2014   810.9\ب ف 107344 03/26/2014 03/26/2014 كتاب    
        مكتبة القاهرة الكبرى مكتبة القاهرة الكبرى 03/26/2014   810.9\ب ف 107345 03/26/2014 03/26/2014 كتاب    
        مكتبة القاهرة الكبرى مكتبة القاهرة الكبرى 03/26/2014   810.9\ب ف 107346 03/26/2014 03/26/2014 كتاب    
        مكتبة القاهرة الكبرى مكتبة القاهرة الكبرى 03/26/2014   810.9\ب ف 107347 03/26/2014 03/26/2014 كتاب    
        مكتبة القاهرة الكبرى مكتبة القاهرة الكبرى 03/26/2014   810.9\ب ف 107348 03/26/2014 03/26/2014 كتاب    
        مكتبة القاهرة الكبرى مكتبة القاهرة الكبرى 01/23/2022   810.9 ب ف 167255 01/23/2022 01/23/2022 كتاب ddc ق الرئيسية_الأداب_ك عربى
        مكتبة القاهرة الكبرى مكتبة القاهرة الكبرى 01/23/2022   810.9 ب ف 167256 01/23/2022 01/23/2022 كتاب ddc ق الرئيسية_الأداب_ك عربى
        مكتبة القاهرة الكبرى مكتبة القاهرة الكبرى 01/23/2022   810.9 ب ف 167257 01/23/2022 01/23/2022 كتاب ddc ق الرئيسية_الأداب_ك عربى
        مكتبة القاهرة الكبرى مكتبة القاهرة الكبرى 01/23/2022   810.9 ب ف 167258 01/23/2022 01/23/2022 كتاب ddc ق الرئيسية_الأداب_ك عربى
        مكتبة القاهرة الكبرى مكتبة القاهرة الكبرى 01/23/2022   810.9 ب ف 167259 01/23/2022 01/23/2022 كتاب ddc ق الرئيسية_الأداب_ك عربى
        مكتبة القاهرة الكبرى مكتبة القاهرة الكبرى 01/23/2022   810.9 ب ف 167260 01/23/2022 01/23/2022 كتاب ddc ق الرئيسية_الأداب_ك عربى
        مكتبة القاهرة الكبرى مكتبة القاهرة الكبرى 02/20/2022   810.9\ ب ف 167450 02/20/2022 02/20/2022 كتاب ddc  
        مكتبة القاهرة الكبرى مكتبة القاهرة الكبرى 02/20/2022   810.9\ ب ف 167451 02/20/2022 02/20/2022 كتاب ddc  

Powered By

EGPV